000 00802nam a22002657i 4500
003 DO-SdBNP
005 20260122080730.0
007 ta
008 230314b2014 dr ad||| |||| 00| 0 eng d
020 _a9789945472424
040 _aDO-SdBNP
_bspa
_cBNPHU
_erda
041 _aspa
082 4 _a530.078
_bL477f 2014
_222
100 1 _aSbriz, Luciano
_eautor
_950035
245 1 0 _aFísica III :
_bprácticas de laboratorio /
_cLuciano Sbriz
264 _aSanto Domingo :
_bINTEC,
_c2014.
300 _aviii, 102 páginas :
_bilustraciones ;
_c28 cm.
336 _ardacontent
_btexto
_2txt
337 _ardamedia
_bsin mediación
_2n
338 _ardacarrier
_bvolumen
_2nc
590 _aInventariado, 2023/BT
710 2 _aInstituto Tecnológico de Santo Domingo
_978911
910 _aBT
942 _2ddc
_cLBS1
999 _c53146
_d53146